A carregar...

American jurisprudence reader

Detalhes bibliográficos
Idioma:English
Publicado em: New York Oceana Publications 1967
Colecção:Docket series Vol.8
Assuntos:
LEADER 00409nam a22001457a 4500
003 OSt
008 090706t xxu||||| |||| 00| 0 eng d
080 |a 340.12(73)  |b AME 
245 |a American jurisprudence reader  |c Edited by Cowan, Thomas A. 
260 |a New York  |b Oceana Publications  |c 1967 
300 |a 254p. 
440 |a Docket series  |v Vol.8  |9 4186 
653 |a Jurisprudence-America 
942 |c BK  |6 _ 
999 |c 122134  |d 122134